[Event "Titled Tuesday intern op 06th Sep Late"]
[Site "Chess.com INT"]
[Date "2022.09.06"]
[Round "4"]
[White "Ter Sahakyan, Samvel"]
[Black "Stanojoski, Zvonko"]
[Result "1-0"]
[WhiteElo "2630"]
[BlackElo "2413"]
[PlyCount "167"]
[EventDate "2022.09.06"]
[EventType "swiss (blitz)"]
[EventRounds "11"]
[EventCountry "USA"]
[SourceTitle "EXT 2023"]
[Source "ChessBase"]
[SourceDate "2022.10.05"]
[SourceVersion "1"]
[SourceVersionDate "2022.10.05"]
[SourceQuality "1"]

1. e4 c5 2. Nf3 Nc6 3. d4 cxd4 4. Nxd4 g6 5. Nc3 Bg7 6. Be3 Nf6 7. Bc4 0-0 8. Bb3 a5 9. 0-0 d6 10. f3 Bd7 11. a3 a4 12. Ba2 Qa5 13. Qd2 Nxd4 14. Bxd4 Rac8 15. Rad1 Rfe8 16. Kh1 Be6 17. Bxe6 fxe6 18. Rfe1 Nd7 19. Ne2 Qxd2 20. Rxd2 Bxd4 21. Nxd4 Kf7 22. c3 Ne5 23. h4 Nc4 24. Rc2 e5 25. Ne2 Rc6 26. Nc1 Rb6 27. Nd3 Rb3 28. Ree2 h5 29. g3 Rc8 30. Kg2 Rc6 31. Nb4 Rc5 32. Nd3 Rcb5 33. Nb4 e6 34. f4 Kf6 35. Kf3 Rc5 36. Rf2 exf4 37. gxf4 Rb5 38. Rce2 Ke7 39. Kg2 Kf7 40. Kf1 Kf6 41. Ke1 Rc5 42. Kd1 b5 43. Kc1 Rc8 44. Kd1 Rc5 45. Nd3 Rc8 46. Nc1 Rc6 47. Nxb3 axb3 48. Ke1 Rc5 49. Kf1 Kg7 50. Kg2 Kf6 51. Kf3 d5 52. Re1 Kf7 53. Rd1 Nd6 54. exd5 exd5 55. Ke3 Nf5+ 56. Kd3 Rc4 57. Re1 Nxh4 58. Re5 b4 59. axb4 Nf5 60. Rxd5 Rc7 61. b5 Re7 62. Re5 Rd7+ 63. Kc4 Nd6+ 64. Kxb3 Rb7 65. c4 Nf5 66. Kb4 h4 67. Rxf5+ gxf5 68. Rh2 Re7 69. Rxh4 Re2 70. b3 Kg6 71. b6 Re6 72. c5 Re4+ 73. Kb5 Re8 74. b7 Rb8 75. c6 Rxb7+ 76. cxb7 Kg7 77. Rh5 Kg6 78. Rg5+ Kf6 79. b8Q Ke6 80. Qe5+ Kf7 81. Rxf5+ Kg6 82. Rf6+ Kh7 83. Qe7+ Kg8 84. Rf8# 1-0

[Event "Titled Tuesday intern op 23rd Aug Late"]
[Site "Chess.com INT"]
[Date "2022.08.23"]
[Round "8"]
[White "Ghazarian, Kirk Vagho"]
[Black "Stanojoski, Zvonko"]
[Result "1-0"]
[WhiteElo "2426"]
[BlackElo "2412"]
[PlyCount "53"]
[EventDate "2022.08.23"]
[EventType "swiss (blitz)"]
[EventRounds "11"]
[EventCountry "USA"]
[SourceTitle "EXT 2023"]
[Source "ChessBase"]
[SourceDate "2022.10.05"]
[SourceVersion "1"]
[SourceVersionDate "2022.10.05"]
[SourceQuality "1"]

1. d4 d5 2. Nf3 e6 3. Bf4 Bd6 4. e3 Nf6 5. Nbd2 0-0 6. Bd3 c5 7. c3 cxd4 8. cxd4 Bxf4 9. exf4 Nc6 10. 0-0 Qb6 11. Nb3 a5 12. a4 Ne4 13. Bxe4 dxe4 14. Ng5 f5 15. Nc5 Nb4 16. Ra3 h6 17. Qh5 Nd5 18. Nh3 Qxb2 19. Rg3 Qxd4 20. Qxh6 Rf7 21. Nxe6 Bxe6 22. Qxe6 Nxf4 23. Nxf4 Qxa4 24. Nd5 Qd4 25. Ne7+ Kf8 26. Ng6+ Kg8 27. Rh3 1-0